Normal view
MARC view
- Waters, Boyd
Entry Personal Name
001 - CONTROL NUMBER
- control field: 100025
003 - CONTROL NUMBER IDENTIFIER
- control field: NUST
005 - DATE AND TIME OF LATEST TRANSACTION
- control field: 20221012135532.0
008 - FIXED-LENGTH DATA ELEMENTS
- fixed length control field: 221012|| aca||aabn | a|a d
040 ## - CATALOGING SOURCE
- Original cataloging agency: NUST
- Transcribing agency: NUST
100 ## - HEADING--PERSONAL NAME
- Personal name: Waters, Boyd
670 ## - SOURCE DATA FOUND
- Source citation: Work cat.: (NUST)179824: Cowart, Robert. 36845, Fast track to NT server 4 /, c1997.
